000 01256nam a22002297a 4500
999 _c56982
_d56982
005 20251125233038.0
008 s2551 th tha d
020 _a9789740468738
040 _aNALT
041 _atha
090 _aKE 144
_bค123ร 2551 ล.3
110 2 _aคณะกรรมการสิทธิมนุษยชนแห่งชาติ
_916300
245 1 0 _aรายงานการตรวจสอบการละเมิดสิทธิมนุษยชน ประจำปี 2549 :
_b3 สิทธิทางสังคม และอื่น ๆ /
_cคณะกรรมการสิทธิมนุษยชนแห่งชาติ.
260 _aกรุงเทพฯ :
_bสำนักงานคณะกรรมการสิทธิมนุษยชนแห่งชาติ,
_c2551.
300 _a392 หน้า :
_bภาพประกอบ ;
_c30 ซม.
650 4 _aสิทธิมนุษยชน
_912544
_zไทย
650 0 _aสิทธิของพลเมือง
_zไทย
_914670
850 _aNALT
856 4 0 _uhttps://hdl.handle.net/20.500.14156/411326
_71
942 _cLB
_2local
998 _j104
_k สายฝน ดีงาม